Athletic Bilbao players since 2000 - Statistics

General Stats
  • This quiz has been taken 30 times
  • The average score is 55 of 156
Answer Stats
Ranking Player Positions Nationality Matches Goals Assists Periods % Correct
5 Iñaki Williams MF, FW 377 82 46 2014-2025
100%
42 Nico Williams MF, FW 132 16 20 2020-2025
100%
21 Unai Simón GK 200 0 0 2018-2025
89%
10 Raúl García MF, FW 292 65 21 2015-2024
86%
38 Ander Herrera MF 142 7 19 2011-2013, 2022-2025
82%
28 Dani García MF 166 1 5 2018-2024
82%
37 Ibai Gómez MF, FW 145 13 17 2010-2015, 2018-2021
82%
6 Aritz Aduriz FW 316 118 34 2002-2003, 2005-2007, 2012-2020
79%
84 Carlos García DF, MF 40 2 1 2000-2003
79%
87 Jonan García MF 36 2 1 2003-2005
79%
72 Unai Gómez MF, FW 57 3 3 2023-2025
79%
115 Igor Martínez MF, FW 13 0 2 2010-2013
75%
34 Iñigo Martínez DF 152 6 1 2017-2023
75%
20 Javi Martínez DF, MF 201 22 6 2006-2012
75%
29 Oihan Sancet MF, FW 163 38 15 2019-2025
75%
1 Óscar de Marcos DF, FW 435 25 45 2009-2025
75%
45 Daniel Vivian DF 118 7 1 2021-2025
71%
2 Iker Muniain MF, FW 434 56 36 2009-2024
71%
76 Kepa Arrizabalaga GK 53 0 0 2016-2018
71%
31 Aymeric Laporte DF 161 7 3 2012-2018
68%
49 Gorka Guruzeta FW 104 27 8 2018-2019, 2022-2025
68%
22 Fernando Amorebieta DF 195 3 1 2005-2013
64%
24 Mikel Vesga MF 188 9 7 2016-2017, 2019-2025
64%
23 Yuri Berchiche DF, FW 191 10 12 2018-2025
64%
27 Álex Berenguer DF, MF, FW 177 28 21 2020-2025
61%
13 Fernando Llorente FW 262 85 14 2004-2013
61%
132 Raúl Fernández GK 5 0 0 2010-2013
61%
62 Aitor Paredes DF 73 4 0 2022-2025
57%
3 Andoni Iraola DF, MF 406 33 34 2003-2015
57%
150 Andoni López DF 1 0 0 2017-2018
57%
143 David Asensio López FW 2 0 0 2000-2001
57%
46 David López MF 118 12 16 2007-2012
57%
70 Iñigo Ruiz de Galarreta MF 58 1 6 2012-2013, 2023-2025
57%
122 Isma López DF, FW 8 0 0 2012-2013
57%
4 Markel Susaeta MF, FW 379 38 52 2007-2019
57%
110 Maroan Sannadi FW 16 1 1 2024-2025
57%
9 Mikel San José DF, MF 304 27 7 2009-2020
57%
61 Unai López MF 78 4 4 2014-2015, 2018-2021
57%
16 Ander Iturraspe MF 232 3 8 2008-2019
54%
102 Andoni Gorosabel DF 20 0 2 2024-2025
54%
7 Gorka Iraizoz GK 315 0 0 2007-2017
54%
19 Iñigo Lekue DF, MF, FW 201 3 8 2015-2025
54%
48 Unai Núñez DF 109 2 1 2017-2021, 2024-2025
54%
73 Beñat Prados DF, MF 56 1 0 2023-2025
50%
32 Gaizka Toquero MF, FW 156 21 15 2008-2015
50%
12 Joseba Etxeberria MF, FW 270 48 34 2000-2010
50%
94 Kenan Kodro DF, MF, FW 26 3 0 2018-2021
50%
83 Mikel Jauregizar MF 41 2 1 2023-2025
50%
99 Adu Ares MF, FW 21 0 0 2022-2025
46%
8 Carlos Gurpegui DF, MF 313 19 2 2001-2005, 2007-2016
46%
11 Francisco Yeste MF 288 51 61 2000-2010
46%
50 Julen Guerrero MF, FW 104 13 4 2000-2006
46%
15 Mikel Balenziaga DF 246 1 7 2008-2009, 2010-2011, 2013-2023
46%
18 Yeray Álvarez DF 209 3 1 2016-2025
46%
105 Adama Boiro DF, FW 18 0 0 2024-2025
43%
90 Iñigo Pérez DF, MF 33 1 3 2009-2013
43%
17 Ismael Urzaiz FW 227 70 22 2000-2007
43%
52 Ander Capa DF, MF, FW 96 5 5 2018-2023
39%
114 Gorka Elustondo DF, MF 13 1 0 2015-2017
39%
74 Iago Herrerín GK 56 0 1 2013-2015, 2017-2020
39%
39 Javi González MF 138 3 10 2000-2007
39%
92 Julen Agirrezabala GK 30 0 0 2021-2025
39%
128 Alex Padilla GK 5 0 0 2024-2025
36%
108 Álvaro djaló FW 17 1 0 2024-2025
36%
44 Asier del Horno DF 124 13 10 2000-2004, 2007-2008
36%
25 Beñat Etxebarria MF 182 6 20 2006-2007, 2013-2020
36%
43 Mikel Rico MF 126 10 4 2013-2019
36%
98 Rafael Alkorta DF 23 1 0 2000-2002
36%
54 Xabier Etxeita DF 89 4 1 2008-2009, 2013-2018
36%
51 Asier Villalibre FW 102 11 4 2016-2017, 2019-2024
32%
60 Iñigo Córdoba MF, FW 80 2 9 2017-2021
32%
64 Jon Aurtenetxe DF 72 2 4 2010-2012, 2014-2015
32%
80 Jon Morcillo MF, FW 47 2 3 2020-2023
32%
66 Aitor Karanka DF 64 2 2 2002-2005
29%
53 Aitor Ocio DF 94 2 1 2001-2002, 2007-2011
29%
151 Cristian Ganea DF 1 0 0 2018-2019
29%
30 Daniel Aranzubia GK 162 0 0 2000-2008
29%
126 David Karanka FW 6 1 1 2001-2002
29%
111 Enrique Sola FW 15 1 0 2013-2016
29%
35 Igor Gabilondo MF 147 19 12 2006-2012
29%
124 Peio Canales MF, FW 8 0 0 2024-2025
29%
156 Xabi Etxebarria DF, FW 1 0 0 2008-2009
29%
112 Ager Aketxe MF 14 1 1 2014-2015, 2017-2018
25%
65 Borja Ekiza DF 67 0 0 2010-2014
25%
154 Isaac Aketxe MF, FW 1 0 0 2009-2010
25%
155 Jokin Ezkieta GK 1 0 0 2020-2021
25%
106 Nicolás Serrano MF, FW 18 1 0 2021-2022, 2024-2025
25%
33 Santiago Ezquerro FW 156 33 8 2000-2005
25%
141 Aingeru Olabarrieta FW 2 0 0 2023-2025
21%
91 Borja Viguera FW 30 2 0 2014-2017
21%
121 Carlos Merino MF 8 0 1 2000-2001, 2003-2004
21%
77 Eneko Bóveda DF 51 0 1 2008-2009, 2015-2018
21%
89 Enric Saborit DF 33 0 1 2013-2014, 2016-2018
21%
104 Iñaki Muñoz MF 19 0 0 2007-2010
21%
97 Javier Eraso MF, FW 23 2 2 2015-2017
21%
139 Javi Martón MF, FW 3 0 0 2024-2025
21%
123 Jonás Ramalho DF 8 0 0 2011-2013
21%
79 Sabin Merino MF, FW 48 6 2 2015-2018
21%
133 Urko Vera FW 5 1 0 2010-2011
21%
55 Aitor Larrazábal DF 87 10 3 2000-2004
18%
103 Armando GK 19 0 0 2007-2010
18%
96 Guillermo FW 23 1 0 2013-2015
18%
144 Iban Zubiaurre DF 2 0 0 2006-2008
18%
137 Iñigo Vélez FW 3 0 0 2008-2009
18%
138 Iñigo Vicente MF, FW 3 0 0 2020-2021
18%
81 Ion Vélez FW 45 3 3 2007-2011
18%
82 Joseba Garmendia DF, MF 45 3 1 2006-2009
18%
119 Larra MF, FW 10 0 0 2019-2020
18%
14 Pablo Orbaiz MF 262 11 11 2000-2011
18%
57 Ustaritz DF 86 1 1 2005-2011
18%
127 Aitor Ramos MF, FW 5 0 0 2007-2008
14%
107 Alex Petxa DF, MF 17 0 0 2021-2022
14%
41 Ander Murillo DF 132 1 3 2001-2009
14%
100 David Cuéllar MF 21 0 0 2000-2001, 2007-2008
14%
47 Iñaki Lafuente GK 114 0 0 2000-2003, 2005-2007
14%
75 Joseba Arriaga FW 56 3 4 2002-2005
14%
85 Josu Urrutia MF 40 2 0 2000-2002
14%
59 Koikili Lertxundi DF 82 2 1 2007-2011
14%
68 Oier Zarraga MF 62 1 0 2020-2023
14%
117 Peru Nolaskoain DF, MF 11 2 0 2018-2019, 2021-2022, 2023-2024
14%
26 Tiko MF 181 20 19 2000-2008
14%
152 Endika Buján FW 1 0 0 2024-2025
11%
69 Felipe Guréndez MF 58 2 0 2000-2006
11%
153 Gaizka Bergara DF 1 0 0 2006-2007
11%
130 Ibón Gutiérrez MF 5 0 0 2005-2006
11%
120 Imanol DF 9 0 0 2023-2024
11%
125 Iñigo Díaz de Cerio FW 7 0 0 2009-2011
11%
67 Javier Casas DF 64 2 1 2004-2006, 2008-2009
11%
135 Javier Iturriaga MF 4 0 0 2006-2007
11%
140 Javier Tarantino DF 3 0 0 2005-2006
11%
118 Joseba del Olmo MF 10 1 0 2008-2009
11%
88 Josu Sarriegi DF 36 0 0 2006-2007
11%
131 Mikel Lasa DF 5 0 0 2000-2001
11%
101 Roberto Ríos DF 21 1 0 2000-2002
11%
147 Unai Bustinza DF 2 0 0 2014-2015
11%
71 Unai Expósito DF 58 0 1 2005-2008
11%
149 Adrien Goñi MF 1 0 0 2008-2009
7%
142 Andoni Imaz MF 2 0 0 2000-2001
7%
116 Aritz Solabarrieta MF 11 0 0 2004-2005
7%
56 Bittor Alkiza MF 86 3 5 2000-2003
7%
93 César Caneda DF 27 0 1 2002-2005
7%
113 Endika Bordas MF 14 0 0 2003-2006
7%
109 Erik Morán MF 17 0 0 2012-2015
7%
129 Gorka Azkorra FW 5 0 0 2004-2005
7%
134 Igor Angulo MF, FW 4 0 0 2002-2003, 2004-2005
7%
78 Iñigo Larrainzar DF 49 0 1 2000-2003
7%
36 Jesús María Lacruz DF 147 9 2 2000-2006
7%
145 Jon Moya DF 2 0 0 2004-2005
7%
40 Luis Prieto Zalbidegoitia DF 134 6 3 2002-2008
7%
95 Mikel Dañobeitia DF, FW 26 1 0 2005-2007
7%
58 Óscar Vales DF 83 0 1 2000-2004
7%
146 Roberto Pampin GK 2 0 0 2004-2005
7%
136 Unai Albizua DF 4 0 0 2013-2014
7%
63 Unai Vencedor Paris MF 73 0 0 2019-2023
7%
148 Urko Arroyo FW 2 0 0 2005-2006, 2007-2008
7%
86 Xabier Castillo DF 37 0 0 2009-2010, 2012-2013
7%
No matching quizzes found
Score Distribution
Percent of People with Each Score
Percentile by Number Answered
Your Score History
You have not taken this quiz